000 00725nam a2200193 i 4500
001 163476
003 ES-MaACL
005 20250822032224.0
008 990112s1879 fr |||| | fre d
100 1 _aRibot, Théodule,
_d1839-1916
_996838
245 1 3 _aLa psychologie allemande contemporaine
_b: (école expérimentale) /
_cpar Th. Ribot.
260 _aParis :
_bLibrairie Germer Baillière et Cie,
_c1879.
300 _aXXXIV, 368 p. ;
_c23 cm.
490 1 _aBibliothèque de philosophie contemporaine
650 0 7 _aPsicología experimental
_2embne
_916564
830 1 _aBibliothèque de philosophie contemporaine
_9181027
852 _aES-MaACL
_jB-7063
_z- Enc. pasta española
999 _c163476
_d163476